Personnages de fiction en images - L - Statistiques

Statistiques générales
  • Ce quiz a été pris 101 211 fois
  • Le résultat moyen est 13 sur 20
Statistiques - réponses
Par images Réponse % Correct
Luigi
96%
Lucky Luke
94%
Lisa Simpson
92%
Lara Croft
84%
Lilo
78%
Link
71%
Loki
71%
Laa-Laa
70%
Ladybug
68%
Leia Organa
68%
Luke Skywalker
64%
Luna Lovegood
63%
Loulou
57%
Léon
52%
Lumière
49%
Legolas Vertefeuille
48%
Luffy (Monkey D.)
46%
Lassie
41%
Lancelot du Lac
27%
Lex Luthor
26%
Aucun quiz correspondant
Distribution des résultats
% des personnes avec chaque résultat
Percentile par nombre de réponses
Votre historique - résultats
Vous n’avez pas pris ce quiz